000 00616nam a2200205Ia 4500
999 _c54309
_d54309
001 21365
003 GE_BSU
005 20240212152319.0
008 181216s2012||||enk|||||||||||||| ||eng||
020 _a9781593273897x
040 _cGE_BSU
080 _a004.43 Sh-55
100 _aShotts, William E.
_921221
245 4 _aThe Linux Command Line:
_bA Complete introduction /
_c William E. Shotts.
264 _aSan Francisco :
_bNo Starch press,
_c2012.
300 _a446 p. ;
_b23 cm.
541 _h99 Gel.
653 _aსაინფორმაციო ტექნოლოგიები
942 _cBK
_2udc